000 00360 a2200157 4500
001 47753
020 _a9788593091001
040 _cAnchieta - Aquarius
100 _aDiary, John
240 1 0 _aDiário de um treinador de monstros
_lpor
245 1 0 _aDiário de um treinador de monstros
300 _a160
362 0 _a2016
650 4 _aRomance
942 _cBK
999 _c47753
_d47753